Understanding digital libraries / (Record no. 59475)
[ view plain ]
| 000 -LEADER | |
|---|---|
| fixed length control field | 01070nam a2200301 a 4500 |
| 001 - CONTROL NUMBER | |
| control field | 59475 |
| 003 - CONTROL NUMBER IDENTIFIER | |
| rucl marc code | BD-RjUL |
| 005 - DATE AND TIME OF LATEST TRANSACTION | |
| control field | 20211209080733.0 |
| 008 - FIXED-LENGTH DATA ELEMENTS--GENERAL INFORMATION | |
| fixed length control field | 161226s2005 ne ab b 001 0 eng |
| 020 ## - INTERNATIONAL STANDARD BOOK NUMBER | |
| International Standard Book Number | 9781558609242 (pbk.) |
| International Standard Book Number | 1558609245 (pbk.) |
| 035 ## - SYSTEM CONTROL NUMBER | |
| System control number | BD-RjUL59599 |
| 040 ## - CATALOGING SOURCE | |
| Original cataloging agency | DLC |
| Transcribing agency | DLC |
| Modifying agency | BD-RjUL |
| -- | Uk |
| Language of cataloging | eng |
| 041 ## - LANGUAGE CODE | |
| Language code of text/sound track or separate title | eng |
| 082 00 - DEWEY DECIMAL CLASSIFICATION NUMBER | |
| Classification number | 025.00285 |
| Edition number | 23 |
| Author mark and year | LEU 2005 |
| 100 1# - MAIN ENTRY--PERSONAL NAME | |
| Personal name | Lesk, Michael. |
| 9 (RLIN) | 176909 |
| 245 10 - TITLE STATEMENT | |
| Title | Understanding digital libraries / |
| Statement of responsibility, etc. | Michael Lesk. |
| 250 ## - EDITION STATEMENT | |
| Edition statement | 2nd ed. |
| 260 ## - PUBLICATION, DISTRIBUTION, ETC. (IMPRINT) | |
| Place of publication, distribution, etc. | Amsterdam ; |
| -- | London : |
| Name of publisher, distributor, etc. | Morgan Kaufmann, |
| Date of publication, distribution, etc. | c2005. |
| 300 ## - PHYSICAL DESCRIPTION | |
| Pagination | xxxi, 424 p., [4] p. of plates : |
| Illustrations | ill., maps ; |
| Size | 24 cm. |
| 490 1# - SERIES STATEMENT | |
| Series statement | The Morgan Kaufmann series in multimedia information and systems |
| 504 ## - BIBLIOGRAPHY, ETC. NOTE | |
| Bibliography, etc | Includes bibliographical references (p. 387-411) and index. |
| 650 #0 - SUBJECT ADDED ENTRY--TOPICAL TERM | |
| Topical term or geographic name as entry element | Digital libraries |
| Geographic subdivision | United States. |
| 9 (RLIN) | 176910 |
| Topical term or geographic name as entry element | Libraries |
| General subdivision | Electronic information resources. |
| 9 (RLIN) | 176911 |
| 830 #0 - SERIES ADDED ENTRY--UNIFORM TITLE | |
| Uniform title | Morgan Kaufmann series in multimedia information and systems. |
| 942 ## - ADDED ENTRY ELEMENTS (KOHA) | |
| Source of classification or shelving scheme | Dewey Decimal Classification |
| Koha item type | Books |
| Lost status | Source of classification or shelving scheme | Damaged status | Not for loan | Collection code | Permanent Location | Current Location | Shelving location | Date acquired | Source of acquisition | Cost, normal purchase price | Total Checkouts | Full call number | Date last seen | Copy number | Koha item type |
|---|---|---|---|---|---|---|---|---|---|---|---|---|---|---|---|
| Dewey Decimal Classification | Not For Loan | Non-fiction | Central Library, University of Rajshahi | Central Library, University of Rajshahi | Reading Room | 02/07/2013 | dhaka, paragon Enterprice ltd. | 5600.00 | 025.00285 LEU 2005 | 26/12/2016 | C-1 | Books |